Central Library OPAC University of Rajshahi

Traffics and discoveries / (Record no. 82742)

MARC details
000 -LEADER
fixed length control field 00595cam a2200217 a 4500
001 - CONTROL NUMBER
control field 82742
003 - CONTROL NUMBER IDENTIFIER
rucl marc code BD-RjUL
005 - DATE AND TIME OF LATEST TRANSACTION
control field 20240123123548.0
008 - FIXED-LENGTH DATA ELEMENTS--GENERAL INFORMATION
fixed length control field 2401 s1949 enk b 000 0 eng
020 ## - INTERNATIONAL STANDARD BOOK NUMBER
Terms of availability £2.95 ($5.95 U.S.)
035 ## - SYSTEM CONTROL NUMBER
System control number (BD-RjUL)82742
040 ## - CATALOGING SOURCE
Original cataloging agency DLC
Transcribing agency DLC
Modifying agency DLC
Language of cataloging eng
041 ## - LANGUAGE CODE
Language code of text/sound track or separate title eng
082 00 - DEWEY DECIMAL CLASSIFICATION NUMBER
Classification number 823/.8
Edition number 19
Author mark and year KIT 1949
100 1# - MAIN ENTRY--PERSONAL NAME
Personal name Kipling, Rudyard,
Dates associated with a name 1865-1936.
9 (RLIN) 10791
245 10 - TITLE STATEMENT
Title Traffics and discoveries /
Statement of responsibility, etc. Rudyard Kipling
260 ## - PUBLICATION, DISTRIBUTION, ETC. (IMPRINT)
Place of publication, distribution, etc. London :
Name of publisher, distributor, etc. Macmillan and co,,
Date of publication, distribution, etc. 1949
300 ## - PHYSICAL DESCRIPTION
Pagination 393 p. ;
Size 21 cm.
942 ## - ADDED ENTRY ELEMENTS (KOHA)
Source of classification or shelving scheme Dewey Decimal Classification
Koha item type Books
Holdings
Lost status Source of classification or shelving scheme Damaged status Not for loan Collection code Permanent Location Current Location Shelving location Date acquired Source of acquisition Cost, normal purchase price Total Checkouts Full call number Date last seen Copy number Koha item type
  Dewey Decimal Classification     Non-fiction Central Library, University of Rajshahi Central Library, University of Rajshahi General Stacks 09/09/1968 Zeitlinger 21.00   823/.8 KIT 1949 23/01/2024 C-2 Books